EVA foam for athletic shoes (Record no. 58880)
[ view plain ]
| 000 -LEADER | |
|---|---|
| fixed length control field | 00366nam a2200145Ia 4500 |
| 100 ## - MAIN ENTRY--AUTHOR NAME | |
| Personal name | Junhasavasdikul Banja |
| 245 #0 - TITLE STATEMENT | |
| Title | EVA foam for athletic shoes |
| 260 ## - PUBLICATION, DISTRIBUTION, ETC. (IMPRINT) | |
| Name of publisher | Rubber International Magazine |
| Year of publication | 2000 |
| 300 ## - PHYSICAL DESCRIPTION | |
| Number of Pages | 77-85 |
| 650 ## - SUBJECT ADDED ENTRY--TOPICAL TERM | |
| Topical Term | Athletic shoes |
| 650 ## - SUBJECT ADDED ENTRY--TOPICAL TERM | |
| Topical Term | EVA foam |
| 650 ## - SUBJECT ADDED ENTRY--TOPICAL TERM | |
| Topical Term | Eva resins |
| 942 ## - ADDED ENTRY ELEMENTS (KOHA) | |
| Koha item type | Journals |
| Withdrawn status | Lost status | Damaged status | Not for loan | Home library | Current library | Shelving location | Date acquired | Serial Enumeration / chronology | Koha item type |
|---|---|---|---|---|---|---|---|---|---|
| Journals | RRII Library | RRII Library | Rubber chemistry | 17/12/2021 | Volume 2, Issue 20 | Journals |